书目信息

书名: 货币战争5 山雨欲来
作者: 宋鸿兵
出版信息: 武汉   长江文艺出版社  2014
开本页数: 25cm  354页
丛书名:
单 册:
中图分类: F82
科图分类:
主题词: 货币史--huo bi shi--世界
电子资源:
ISBN: 978-7-5354-7137-6
000 01064nam0 2200253 45
001 012014000000
005 20141016121212.0
010    @a978-7-5354-7137-6@dCNY46.00
100    @a20141016d2014 em y0chiy50 ea
101 @achi
102    @aCN@b420000
105    @aa z 000yy
106    @ar
200 @a货币战争@Ahuo bi zhan zheng@h5@i山雨欲来@d= Currency wars@f宋鸿兵著@zeng
210    @a武汉@c长江文艺出版社@d2014
215    @a354页@c图@d25cm
314    @a宋鸿兵, 国际金融学者,具有全球影响力的国际化概念——“货币战争”一词的首创者,曾被全球销量第一的商业杂志美国《商业周刊》评为“2009年中国最具影响力的40人”。作品有《货币战争》等等。
330    @a2008年金融危机结束五年之后,对未来世界经济走势的观点仍然是众说纷纭。美国的量化宽松究竟有无效果?全球的货币超发到底是福是祸?金融市场是渐趋安全,还是越发危险?经济复苏是稳步向前,还是昙花一现?
510 @aCurrency wars@zeng
606 @a货币史@Ahuo bi shi@y世界
690    @aF82@v5
701  0 @a宋鸿兵@Asong hong bing@4著
801  0 @aCN@bCDNYKJZYXY@c20141016
905    @aCDNYKJZYXY@dF82@e24@f3
    
    货币战争.5.山雨欲来= Currency wars/宋鸿兵著.-武汉:长江文艺出版社,2014
    354页:图;25cm
    
    
    ISBN 978-7-5354-7137-6:CNY46.00
    2008年金融危机结束五年之后,对未来世界经济走势的观点仍然是众说纷纭。美国的量化宽松究竟有无效果?全球的货币超发到底是福是祸?金融市场是渐趋安全,还是越发危险?经济复苏是稳步向前,还是昙花一现?
相关链接 在五车中查询图书 在当当中查询图书 在豆瓣中查询图书


正题名:货币战争     索取号:F82/24         预约/预借

序号 登录号 条形码 馆藏地/架位号 状态 备注
1 475336   300475336   柳城-5楼/22架5列6层/ [索取号:F82/24] 在馆    
2 475337   300475337   柳城-5楼/22架5列6层/ [索取号:F82/24] 在馆    
3 475338   300475338   柳城-5楼/22架5列6层/ [索取号:F82/24] 在馆